|
|
|
|
| LEADER |
00000nam a2200000Ii 4500 |
| 001 |
DIGEDUNAV0071 |
| 003 |
NyNyDIG |
| 006 |
m o d |
| 007 |
cr ||||||||||| |
| 008 |
220605s2008 sp o 000 0 spa d |
| 035 |
|
|
|a (OCoLC)1333701365
|
| 040 |
|
|
|a DGITA
|b eng
|e rda
|e pn
|c DGITA
|
| 020 |
|
|
|z 9788431325206
|
| 050 |
1 |
4 |
|a BF698 ebook
|
| 100 |
1 |
|
|a Freire, José Benigno,
|e author.
|
| 245 |
1 |
0 |
|a ¡Vivir a tope! :
|b de cómo Frankl superó a Freud /
|c José Benigno Freire.
|
| 264 |
|
1 |
|a Pamplona, España :
|b EUNSA, Ediciones Universidad de Navarra,
|c [2008]
|
| 300 |
|
|
|a 1 online resource.
|
| 336 |
|
|
|a text
|b txt
|2 rdacontent
|
| 337 |
|
|
|a computer
|b c
|2 rdamedia
|
| 338 |
|
|
|a online resource
|b cr
|2 rdacarrier
|
| 347 |
|
|
|a text file
|2 rdaft
|
| 347 |
|
|
|b PDF
|
| 490 |
1 |
|
|a Astrolabio. Serie Educación
|
| 588 |
0 |
|
|a Online resource; title from PDF title page (Digitalia, viewed June 5, 2022)
|
| 600 |
1 |
0 |
|a Frankl, Viktor E.
|q (Viktor Emil),
|d 1905-1997.
|
| 650 |
|
0 |
|a Self-actualization (Psychology)
|
| 650 |
|
0 |
|a Psychoanalysis.
|
| 655 |
|
0 |
|a Electronic books.
|
| 791 |
2 |
|
|a Digitalia (Firm),
|e distributor.
|
| 793 |
0 |
|
|g Digitalia eBook Collection:
|a Ediciones Universidad de Navarra
|
| 776 |
0 |
8 |
|i Print version:
|a Freire, José Benigno.
|t ¡Vivir a tope!
|b Cuarta edición.
|d Pamplona, España : EUNSA, Ediciones Universidad de Navarra, [2008]
|z 9788431325206
|
| 830 |
|
0 |
|a Educación (Ediciones Universidad de Navarra, S.A.)
|
| 856 |
4 |
0 |
|3 Digitalia Hispánica
|u https://www.digitaliapublishing.com/a/51381/
|
| 910 |
|
|
|a Premium collection: 2022
|